[Event "CRO-chT4A Center"]
[Site "Zagreb"]
[Date "2010.11.14"]
[Round "11.11"]
[White "Ganic, Martin"]
[Black "Mrdja, Branislav"]
[Result "1-0"]
[WhiteElo "2080"]
[BlackElo "2138"]
[PlyCount "49"]
[EventDate "2010.03.21"]
[EventType "team-tourn"]
[EventRounds "11"]
[EventCountry "CRO"]
[SourceTitle "EXT 2012"]
[Source "ChessBase"]
[SourceDate "2011.11.24"]
[SourceVersion "1"]
[SourceVersionDate "2011.11.24"]
[SourceQuality "1"]

1. Nf3 Nf6 2. d4 c5 3. d5 d6 4. Nc3 g6 5. e4 Nbd7 6. Be2 Bg7 7. 0-0 0-0 8. h3 Rb8 9. Re1 a6 10. a4 Ne8 11. Bg5 Nc7 12. a5 b5 13. axb6 Rxb6 14. Ra2 Bf6 15. Bxf6 exf6 16. Nd2 Rb8 17. Nc4 Nb6 18. Na5 Ra8 19. Qd2 Kg7 20. Nc6 Qe8 21. Qf4 Qd7 22. Bg4 f5 23. exf5 gxf5 24. Qg5+ Kh8 25. Qf6+ 1-0